000 01523cam a22003011ia4500
003 SA-RiAUC
005 20241231141352.0
008 241231s1985 su f f000 0 ara c
040 _aKW-ShULA
_bara
_cSA-RiAUC
_erda
050 4 _b1985 A35
082 0 4 _a251
_qSA-RiAUC
090 _a251
_b ك ل و
100 1 _aالكلوذاني، محفوظ بن أحمد بن الحسن،
_d432-510 هجري
_eمؤلف.
245 1 2 _aالتمهيد في أصول الفقه /
_cتأليف محفوظ بن أحمد بن الحسن أبو الخطاب الكلوذاني الحنبلي ؛ دراسة وتحقيق مفيد محمد أبو عمشة، محمد بن علي بن إبراهيم.
250 _aالطبعة الأولى.
264 1 _aمكة المكرمة :
_bجامعة أم القرى، مركز البحث العلمي وإحياء التراث الإسلامي،
_c1985
300 _a4 مجلد ؛
_c24 سم.
336 _aنص
_btxt
_2rdacontent
_3كتاب
337 _aبدون وسيط
_bn
_2rdamedia
338 _aمجلد
_bnc
_2rdacarrier
490 1 _aمن التراث الإسلامي ؛
_v37
650 7 _aأصول الفقه الإسلامي
_2aucsh
700 1 _aأبو عمشة، مفيد محمد
_eمحقق.
700 1 _aابن إبراهيم، محمد بن علي
_eمحقق.
830 0 _aمن التراث الإسلامي (جامعة أم القرى. مركز إحياء التراث الإسلامي)
_v37
942 _2ddc
_cBOOK
_n0
949 _aSA-JeALM
_d241231
_ueid123
_n1
999 _c4178
_d4178